Political parties

Saved in:
书目详细资料
主要作者: Duverger Maurice
格式: 图书
出版: London : Methuen & co ltd. 1954.
主题:
标签: 添加标签
没有标签, 成为第一个标记此记录!

MARC

LEADER 00000nam a22000007a 4500
020 |a NA  |c NA 
040 |a MUL  |b eng.  |e AACR 
082 |a 329.02 DUV 
100 |a Duverger Maurice 
245 |a Political parties  |c / Maurice Duverger, foreword by D.W. Brogan 
260 |a London :  |b Methuen & co ltd.  |c 1954. 
300 |a xxxvii, 439 p. :  |b ill , ;  |c 23 cm. 
504 |a Includes index. 
546 |a eng. 
650 |a Political parties 
942 |c BK 
999 |c 10343  |d 10343